| 000 | 00763nam a22002057a 4500 | ||
|---|---|---|---|
| 003 | BD-DhUL | ||
| 005 | 20160823094711.0 | ||
| 008 | 160823s1995 b ||||| |||| 001 0 b d | ||
| 040 |
_aBD-DhUL _cBD-DhUL |
||
| 082 |
_a398 _bJAL |
||
| 100 | 1 | _aজলিল, মুহম্মদ আবদুল | |
| 245 | 1 | 0 |
_aলোকসংস্কৃতির নানা প্রসঙ্গ / _cমুহম্মদ আবদুল জলিল |
| 260 |
_aঢাকা : _bবাংলাএকাডেমী, _cc ১৯৯৫ |
||
| 300 |
_a১৩৯পৃ. : _c২২ সে.মি. |
||
| 365 |
_aBDT _b85.00 |
||
| 500 | _aনির্ঘন্ট সম্বলিত | ||
| 650 | 0 | _aলোকজ সংস্কৃতি | |
| 650 | 0 | _aFolks | |
| 942 |
_2ddc _cBK |
||
| 999 |
_c100716 _d100716 |
||